00424nam a2200121Ia 4500008004100000245010900041260004500150260000900195300000900204500001300213650001300226856006300239170516s9999 xx 000 0 und d aPreface: Special issue for the “Asian Federation for Pharmaceutical Sciences (AFPS) 2015 Conference” bAsian Journal of Pharmaceutical Sciences c2016 a11:1 aFebruary xPharmacy uhttp://www.sciencedirect.com/science/journal/18180876/11/1